|
|
|
|
| LEADER |
00000nam a2200000Ii 4500 |
| 001 |
DIGCOJAL0030 |
| 003 |
NyNyDIG |
| 006 |
m o d |
| 007 |
cr ||||||||||| |
| 008 |
250404s2020 mx b ob 000 0 spa d |
| 035 |
|
|
|a (OCoLC)1513493058
|
| 040 |
|
|
|a DGITA
|b eng
|e rda
|e pn
|c DGITA
|
| 020 |
|
|
|z 9786078657704
|
| 043 |
|
|
|a n-mx---
|
| 050 |
1 |
4 |
|a RA645.D5 ebook
|
| 100 |
1 |
|
|a Arias de la Mora, Roberto,
|e author.
|
| 245 |
1 |
3 |
|a La salud pública posCOVID-19 :
|b la diabetes mellitus en Jalisco /
|c Roberto Arias de la Mora, Fernando Ulises Brambila Gutiérrez.
|
| 264 |
|
1 |
|a Zapopan, Jalisco :
|b El Colegio de Jalisco,
|c [2020]
|
| 300 |
|
|
|a 1 online resource :
|b maps.
|
| 336 |
|
|
|a text
|b txt
|2 rdacontent
|
| 337 |
|
|
|a computer
|b c
|2 rdamedia
|
| 338 |
|
|
|a online resource
|b cr
|2 rdacarrier
|
| 347 |
|
|
|a text file
|2 rdaft
|
| 347 |
|
|
|b PDF
|
| 490 |
1 |
|
|a Colección Jalisco ante el COVID-19: problemas, retos y propuestas ;
|v 5
|
| 504 |
|
|
|a Includes bibliographical references.
|
| 588 |
0 |
|
|a Online resource; title from PDF title page (Digitalia, viewed April 4, 2025)
|
| 650 |
|
0 |
|a Diabetes
|z Mexico
|z Jalisco
|x Epidemiology.
|
| 650 |
|
0 |
|a Public health
|z Mexico
|z Jalisco.
|
| 700 |
1 |
|
|a Brambila Gutiérrez, Fernando Ulises,
|e author.
|
| 791 |
2 |
|
|a Digitalia (Firm),
|e distributor.
|
| 793 |
0 |
|
|g Digitalia eBook Collection:
|a El Colegio de Jalisco
|
| 776 |
0 |
8 |
|i Print version:
|a Arias de la Mora, Roberto.
|t Salud pública posCOVID-19.
|b Primera edición.
|d Zapopan, Jalisco : El Colegio de Jalisco, 2020
|z 9786078657704
|
| 830 |
|
0 |
|a Colección Jalisco ante el COVID-19 ;
|v 5.
|
| 856 |
4 |
0 |
|3 Digitalia Hispánica
|u https://www.digitaliapublishing.com/a/172192/
|
| 910 |
|
|
|a Premium collection: 2025
|